| 000 | 00892nam a2200229Ia 4500 | ||
|---|---|---|---|
| 001 | 18066 | ||
| 003 | GE_BSU | ||
| 008 | 181216s||||||||xx |||||||||||||| ||und|| | ||
| 040 | _cGE_BSU | ||
| 080 | _a811.353.1 + 811.361 | ||
| 100 | _aძიძიგური, შოთა | ||
| 245 | _aბასკურ-კავკასიური პრობლემა | ||
| 245 | _cრედ. ბ. ჯორბენაძე. მხ. ც. გაჩეჩილაძე | ||
| 260 | _aთბილისი | ||
| 260 | _bმეცნიერება | ||
| 260 | _c1981 | ||
| 300 | _a82გვ. ; 21სმ | ||
| 541 | _h50 თ. | ||
| 653 | _aბასკურ-კავკასიური პრობლემა | ||
| 653 | _aქართული ენა; ბასკური ენა; ქართულ-ბასკური ურთიერთობები | ||
| 942 | _cBK | ||
| 999 |
_c51109 _d51109 |
||